| 000 | 00831nam a2200241Ia 4500 | ||
|---|---|---|---|
| 999 |
_c7488 _d7488 |
||
| 003 | GCL | ||
| 005 | 20240530095447.0 | ||
| 008 | 140319s9999 xx 000 0 ara d | ||
| 040 |
_aGCL / _cGCL |
||
| 082 | 0 | 4 |
_a219.1 _bر ت |
| 100 | 1 | _aرضا عبد الودود | |
| 245 | 1 | 0 |
_aتحرير المراة فى الاسلام / _cرضا عبد الودود |
| 250 | _aالاولى | ||
| 260 |
_aالقاهرة : _bدار القلم للنشر والتوزيع ، _c2004 |
||
| 300 |
_a440 ص ؛ _c24 سم |
||
| 650 | 0 | 4 | _aالاسلام والمجتمع |
| 650 | 0 | 4 | _aالمرأة فى الحياة العامة |
| 650 | 0 | 4 | _aحقوق المرأة |
| 650 | 0 | 4 | _aالاجتماع الدينى، علم |
| 650 | 0 | 4 | _aالمرأة - رعاية اجتماعية |
| 650 | 0 | 4 | _aالمرأة فى الاسلام |
| 942 |
_2ddc _cBK |
||